000 01379cab a2200385 4500
001 ABS48833
008 090401t1993 xxu||||| |||| 00| 0 eng d
035 _a(Sirsi) u68719
041 _aeng
100 _aBarr, W.
245 _aShort-term farm agreements
260 _c1993
350 _a0
490 _aSolicitors` Journal
_v137(24) 25 June 1993, 6-9-610(2)
520 _aSummarises recent case law on a range of short-term farm agreements including ministerial consent, Gladstone v Bower tenancies, convertible licences and share farming agreements thus avoiding the granting of full agricultural tenancies.
650 _aAGRICULTURAL HOLDINGS ACT 1986
650 _aPROPERTY-LANDLORD AND TENANT-TENANCIES-AGRICULTURAL TENANCIES
650 _aASHDALE LAND AND PROPERTY COMPANY LTD V MANNERS
650 _aBROWN V TIERNAN
650 _aEWP LTD V MOORE
650 _aGLADSTONE V BOWER TENANCIES
650 _aKEEN V HOLLAND
650 _aMCCARTHY V BENCE
650 _aMILTON (PETERBOROUGH) ESTATES V HARRIS
650 _aMINISTERIAL CONSENT
650 _aPADBURY V YORK
650 _aPAHL V TREVOR
650 _aSECURITY OF TENURE
650 _aSHARE FARMING AGREEMENTS
650 _aSHORT-TERM TENANCIES
650 _aTERMINATION OF TENANCY
690 _aLANDLORD AND TENANT-AGRICULTURAL TENANCIES
942 _n0
948 _c04/03/1997
999 _c43123
_d43123